Drapeau des pays du monde - Randomisé - Statistiques

Statistiques générales
  • Ce quiz a été pris 580 fois
  • Le résultat moyen est 113 sur 199
Statistiques - réponses
Par images Réponse % Correct
Brésil
81%
Grèce
81%
Japon
81%
Ukraine
81%
Algérie
80%
Belgique
80%
Canada
80%
Corée du Sud
80%
Etats-Unis
80%
Italie
80%
Suisse
80%
Allemagne
79%
Argentine
79%
Chine
79%
Espagne
79%
France
79%
Portugal
79%
Royaume-Uni
79%
Irlande
77%
Suède
77%
Albanie
76%
Chypre
76%
Israël
76%
Maroc
76%
Tunisie
76%
Turquie
76%
Croatie
75%
Finlande
75%
Inde
75%
Mexique
75%
Norvège
75%
Afrique du Sud
74%
Egypte
74%
Jamaïque
74%
Danemark
73%
Russie
73%
Arabie Saoudite
72%
Australie
72%
Népal
72%
Pays-Bas
72%
Qatar
72%
Uruguay
71%
Nouvelle-Zelande
70%
Pologne
70%
Roumanie
70%
Côte d'Ivoire
69%
Islande
69%
Liban
69%
Monaco
69%
Viêt Nam
69%
Corée du Nord
68%
Luxembourg
68%
Kenya
67%
Nigeria
67%
Colombie
66%
Géorgie
66%
Kosovo
66%
Macédoine du Nord
66%
Slovaquie
66%
Estonie
65%
Iran
65%
République tchèque
65%
Vatican
65%
Autriche
64%
République démocratique du Congo
64%
Sénégal
64%
Serbie
64%
Venezuela
64%
Chili
63%
Malte
63%
Pakistan
63%
Slovénie
63%
Thaïlande
63%
Cuba
62%
Equateur
62%
Pérou
62%
Arménie
61%
Bangladesh
61%
Bulgarie
61%
Indonésie
61%
Panama
61%
Sri Lanka
61%
Andorre
60%
Bosnie-Herzégovine
60%
Cambodge
60%
Cameroun
60%
Hongrie
59%
Saint-Marin
59%
Bhoutan
58%
Irak
58%
Singapour
58%
Angola
57%
Kazakhstan
57%
Laos
57%
Madagascar
57%
Malaisie
57%
Moldavie
57%
Ouganda
57%
Seychelles
57%
Biélorussie
56%
Ethiopie
56%
Liechtenstein
56%
Mali
56%
Mongolie
56%
Somalie
56%
Lettonie
55%
Monténégro
55%
Costa Rica
54%
Ghana
54%
Liberia
54%
Honduras
53%
Mauritanie
53%
Niger
53%
Tchad
53%
Burkina Faso
52%
Lituanie
52%
Paraguay
52%
Tanzanie
52%
Azerbaïdjan
51%
Barbade
51%
Emirats arabes unis
51%
République centrafricaine
51%
République dominicaine
51%
Taïwan
51%
Comores
50%
Gabon
50%
Afghanistan
49%
Bahreïn
49%
Haïti
49%
Philippines
49%
Burundi
48%
Cap-Vert
48%
Eswatini
48%
Guatemala
48%
Ouzbékistan
48%
Palestine
48%
Sainte-Lucie
48%
Fidji
47%
Mozambique
47%
Nicaragua
47%
République du Congo
47%
Turkménistan
47%
Bénin
46%
Jordanie
46%
Palaos
46%
Togo
46%
Tonga
46%
Zambie
46%
Zimbabwe
46%
Lesotho
45%
Libye
45%
Maldives
45%
Papouasie-Nouvelle-Guinée
45%
Bahamas
44%
Djibouti
44%
El Salvador
44%
Micronésie
44%
Birmanie
43%
Guinée
43%
Kirghizistan
43%
Koweït
43%
Oman
43%
Yémen
43%
Malawi
42%
Suriname
42%
Botswana
41%
Dominique
41%
Grenade
41%
Maurice
41%
Tadjikistan
41%
Belize
40%
Erythrée
40%
Rwanda
40%
Sierra Leone
40%
Soudan
40%
Syrie
40%
Brunei
39%
Namibie
39%
Saint-Vincent et les Grenadines
39%
Trinité-et-Tobago
39%
Antigua-et-Barbuda
38%
Kiribati
38%
Nauru
38%
Timor-Leste
38%
Bolivie
37%
Gambie
37%
Guinée-Bissau
37%
Guinée équatoriale
36%
Guyana
36%
Samoa
36%
Îles Marshall
35%
Sao Tomé-et-Principe
34%
Saint-Christophe-et-Niévès
33%
Vanuatu
33%
Soudan du Sud
32%
Tuvalu
30%
Îles Salomon
29%
Îles Cook
16%
Niué
11%
Aucun quiz correspondant
Distribution des résultats
% des personnes avec chaque résultat
Percentile par nombre de réponses
Votre historique - résultats
Vous n’avez pas pris ce quiz